[Event "Ch Europe"]
[Site "masterchessopen.com Dresden (Germany)"]
[Date "2007.04.11"]
[Round "8"]
[White "Kulaots Kaido (EST)"]
[Black "Nielsen Peter Heine (DEN)"]
[Result "0-1"]
[WhiteElo "2547"]
[BlackElo "2626"]

{ Kulaots Kaido (EST) +0 =1 -0 Nielsen Peter Heine (DEN) +2 =0 -0 } 1.d4 Nf6
2.c4 g6 3.Nc3 Bg7 4.Nf3 O-O 5.g3 d5 6.cxd5 Nxd5 7.Bg2 c5 8.O-O cxd4 ( 8...Nxc3
9.bxc3 Nc6 10.e3 ( 10.dxc5 Qa5 11.Be3 Bxc3 12.Rc1 Bg7 13.Qb3 Qa6 14.a4 Qxe2
15.Rfd1 Qb2 16.Qb5 a6 17.Qb6 Qa3 18.Nd2 Qxa4 19.Nc4 Qb5 20.Qxb5 axb5 21.Nb6
Rb8 22.Rb1 Bg4 23.f3 Bf5 24.Rxb5 Rbd8 25.Rxd8 Rxd8 26.f4 Rd1+ 27.Kf2 Ra1
28.Nc4 { ...0-1, Yevseev Denis 2557 - Asrian Karen 2646 , Moscow 12. 2.2006 It
(open) "Aeroflot" } ) 10...Qa5 11.Qd2 e5 12.dxe5 Nxe5 13.Nxe5 Bxe5 14.Bb2 Be6
15.Rfb1 Rad8 16.Qc2 b6 17.a4 Rd6 18.Rd1 Rfd8 19.Rxd6 Rxd6 20.Rc1 Bg7 21.Bf3 h5
22.Rd1 Rxd1+ 23.Bxd1 a6 24.Qd2 b5 25.axb5 axb5 26.Be2 Kh7 27.Kf1 c4 28.Qc1 {
...0-1, Petersen Nils 2080 - Nielsen Peter Heine 2515 , Copenhagen 1998 It
(open) "Politiken Cup" } ) ( 8...Nc6 9.Nxd5 Qxd5 10.Be3 Bf5 11.Nh4 Be4 12.f3
Bf5 13.Bf2 Bd7 14.f4 Qc4 15.dxc5 Rad8 16.Qb3 Qxb3 17.axb3 Bxb2 18.Rab1 Bc3
19.b4 a6 20.Rfc1 Bf6 21.Kf1 g5 22.fxg5 Bxg5 23.Rc4 Be6 24.Bxc6 bxc6 { 1/2-1/2,
Osnos Viatcheslav 2384 - Kamsky Gata 2686 , Leningrad 1987 Ch Leningrad } )
9.Nxd4 Nxc3 10.bxc3 { ?/= } 10...Qc7 11.Qb3 ( 11.Rb1 Qxc3 12.Nb5 Qa5 13.Bd2
Qd8 14.Be3 Qa5 15.Qe1 Nc6 16.Qxa5 Nxa5 17.Nc7 Bf5 18.Nxa8 Bxb1 19.Rxb1 Rxa8
20.Bxb7 Rd8 21.Bf3 Bd4 22.Rd1 e5 23.Kg2 Nc4 24.Bg5 Re8 25.e3 Bb2 26.Rd7 e4
27.Bd1 a5 28.Rc7 Nd6 29.Bb3 Kg7 30.Rd7 Be5 { ...1-0, Aronian Levon 2724 -
Grischuk Alexander 2720 , France 31. 3.2005 Ch France (team) 2005 } ) 11...a6
( 11...Nc6 12.Bf4 e5 13.Nb5 Qa5 14.Be3 Be6 15.Qb2 Rfd8 16.Rfd1 Bf8 17.Rxd8
Rxd8 18.Bxc6 bxc6 19.Nxa7 Qa4 20.f3 h5 21.Kf2 Kh7 22.Qb6 Rd1 23.Rxd1 Qxd1
24.Qb2 Qh1 25.h4 Bh3 26.Qc1 Qh2+ 27.Ke1 Qxg3+ 28.Bf2 Qg2 29.Be3 e4 30.f4 Bg4
31.Qd1 { ...0-1, Tregubov Pavel V 2583 - Grischuk Alexander 2720 , Mainz 14.
8.2005 It (open) (active) "Ordix" } ) ( 11...Nd7 12.Ba3 Nb6 13.Rab1 Re8
14.Rfd1 Bd7 15.Nb5 Bxb5 16.Qxb5 Qxc3 17.Bb2 Qc4 18.Qxc4 Nxc4 19.Bxg7 Kxg7
20.Rxb7 a5 21.Rdd7 Rad8 22.Bc6 Rxd7 23.Bxd7 Ra8 24.Rc7 Nb6 25.Bb5 Nd5 26.Rc5
e6 27.Kf1 a4 28.Bd3 Rb8 29.Bb5 Nc3 { 1/2-1/2, Okrucinski Tadeusz 2281 -
Heberla Bartlomiej 2487 , Poraj 1997 Ch Poland (1/2 final) } ) 12.Rb1 ( 12.Bg5
Re8 13.Rad1 Nd7 { +0.41 CAP } ) 12...Nd7 ( 12...e5 13.Nc2 Nd7 14.Ba3 Re8
15.Ne3 Nf6 16.c4 Rb8 17.Nd5 Nxd5 18.cxd5 Bd7 19.Rfc1 Qa5 20.Bd6 Rbc8 21.Qxb7
Rxc1+ 22.Rxc1 Bb5 23.h4 Qxa2 24.Rc7 Qb1+ 25.Bf1 Qf5 26.e4 Qf3 27.Bxb5 axb5
28.Rc8 { 1-0, Dautov Rustem 2589 - Kirschbaum Gunnar 2195 , Germany 1990
Bundesliga 1990/91 } ) 13.Rd1 ( 13.Ba3 Re8 ( 13...Ne5 { +0.00 CAP } ) 14.Rfd1
e6 15.c4 { 1/2-1/2, Petrosian Arshak B 2495 - Drasko Milan 2460 , Sarajevo
1986 It (cat.12) } ) 13...e5 { -0.48 CAP N } ( 13...Re8 14.Ba3 Bf8 15.c4 e5
16.Nc2 Rb8 17.Ne3 Bxa3 18.Qxa3 e4 19.Nd5 Qe5 20.c5 { 1/2-1/2, Szekely Peter
2435 - Kaposztas Miklos 2294 , Hungary 1992 Ch Hungary (team) } ) 14.Nc2 Nc5
15.Qb6 Qxb6 16.Rxb6 Na4 17.Rb3 Be6 18.Bd5 Bxd5 19.Rxd5 Rac8 20.Bd2 b5 21.e4
Rfd8 22.Nb4 { ?! } ( 22.Rxd8+ { !? } 22...Rxd8 23.Be3 Rc8 24.Nb4 Nxc3 25.Nxa6
Nxe4 26.Rxb5 Nc3 27.Ra5 e4 { } ) 22...Nc5 23.Ra3 Nxe4 24.Rxd8+ Rxd8 25.Be3 Bf8
26.Rxa6 Nxc3 27.Nc6 Rd5 28.Ra8 Kg7 29.Kg2 Bc5 30.Bxc5 Rxc5 31.Nb4 e4 32.Nc2
Nd1 33.Nd4 Rd5 34.Nb3 Rf5 35.Rd8 Nxf2 36.Nd4 Rf6 37.Nxb5 Ng4 38.a4 Rf2+ 39.Kg1
e3 40.Rd1 Nxh2 { } {#R} 0-1

[Event "Ch Europe"]
[Site "masterchessopen.com Budva (Montenegro)"]
[Date "2009.03.16"]
[Round "10"]
[White "Petrosian Tigran L (ARM)"]
[Black "Saric Ivan (CRO)"]
[Result "1-0"]
[WhiteElo "2602"]
[BlackElo "2561"]

1.d4 Nf6 2.c4 g6 3.Nc3 Bg7 4.Nf3 O-O 5.g3 d5 6.cxd5 Nxd5 7.Bg2 c5 8.O-O cxd4
9.Nxd4 Nxc3 10.bxc3 a6 11.Qb3 Qc7 12.Ba3 Ra7 13.Rfd1 b5 14.Rac1 Rd8 15.Bb4 Bb7
16.Bc5 Bxg2 17.Bxa7 Bd5 18.Bxb8 Qxb8 19.Qa3 Rd6 20.Qc5 Qd8 21.Nc2 Bxa2 22.Rxd6
exd6 23.Qc6 Bc4 24.Rd1 Bxe2 25.Re1 Qe7 26.Qa8+ Bf8 27.Nd4 {#r} 1-0

[Event "Ch Europe (seniors) (team)"]
[Site "masterchessopen.com Dresden (Germany)"]
[Date "2008.02.11"]
[Round "1"]
[White "Bussler Juergen (GER)"]
[Black "Walter Guenter (GER)"]
[Result "0-1"]
[WhiteElo "2042"]
[BlackElo "2043"]

1.d4 Nf6 2.c4 g6 3.Nc3 Bg7 4.Nf3 O-O 5.g3 d5 6.cxd5 Nxd5 7.Bg2 c5 8.O-O Nxc3
9.bxc3 Nc6 10.e3 Be6 11.Ba3 cxd4 12.Nxd4 Bd5 13.Bxd5 Qxd5 14.Nxc6 Qxc6 15.Bxe7
Rfe8 16.Qd6 Qxd6 17.Bxd6 Bxc3 18.Rac1 Rac8 19.Rfd1 b5 20.Rc2 Red8 21.Rdc1 Rxd6
22.Rxc3 Rd1+ {#R} 0-1

[Event "Ch Europe (team)"]
[Site "masterchessopen.com Debrecen (Hungary)"]
[Round "0"]
[White "Litynska Marta (UKR)"]
[Black "Velikhanli Firuza (AZE)"]
[Result "0-1"]
[WhiteElo "2326"]
[BlackElo "2262"]

1.d4 Nf6 2.c4 g6 3.Nc3 Bg7 4.Nf3 O-O 5.g3 d5 6.cxd5 Nxd5 7.Bg2 c5 8.O-O cxd4
9.Nxd4 Nxc3 10.bxc3 a6 11.Rb1 Qc7 12.Qb3 e5 13.Nc2 Nc6 14.Ne3 Rb8 15.Nd5 Qa5
16.Ba3 Rd8 17.Be7 Rd7 18.Ba3 Rd8 19.Rfd1 Be6 20.e4 Bf8 21.Bb4 Nxb4 22.cxb4
Bxd5 23.exd5 Qb6 24.Qc3 Qd6 25.Rdc1 Qf6 26.b5 axb5 27.Rxb5 b6 28.Qb2 Qf5
29.Rc6 Qd3 30.Bf1 Qd4 31.Qb3 Ra8 32.Rcxb6 Bc5 33.Rxc5 Qxc5 34.Rb5 Qd4 35.h4
Kg7 36.Bg2 Rd6 37.Qc2 Qa1+ 38.Kh2 Qxa2 39.Rb2 Qa7 40.Qe2 Re8 41.h5 Qe7 42.Qd2
f5 43.Rb5 gxh5 44.Qb4 Rd7 45.Qb1 Rf8 46.Rb6 Rf6 47.Rc6 e4 48.Qc1 h6 49.Rc5 Qe5
50.Qc4 h4 51.Qb5 hxg3+ 52.fxg3 Rdf7 53.d6 Qxd6 54.Rd5 Qc6 55.Rxf5 Qxb5 56.Rxb5
Re7 57.Rb2 e3 58.Re2 Kg6 59.Bd5 Rd6 60.Bf3 Rd2 {#R} 0-1

[Event "Ch Finland"]
[Site "masterchessopen.com Helsinki (Finland)"]
[Round "3"]
[White "Maki-Uuro Miikka (FIN)"]
[Black "Hokkanen Petri (FIN)"]
[Result "1-0"]
[WhiteElo "2373"]
[BlackElo "2274"]

1.Nf3 c5 2.c4 Nf6 3.Nc3 g6 4.g3 Bg7 5.Bg2 O-O 6.O-O d5 7.cxd5 Nxd5 8.d4 cxd4
9.Nxd4 Nxc3 10.bxc3 Qc7 11.Qb3 Nc6 12.Nxc6 bxc6 13.Bf4 e5 14.Be3 Be6 15.Qa4
Bd5 16.Rfd1 Bxg2 17.Kxg2 f5 18.Rd2 Rf7 19.Rad1 Bf8 20.Qc4 {#r} 1-0

[Event "Ch France (team) (2) 2002/03"]
[Site "masterchessopen.com France"]
[Round "10"]
[White "Matrand Arnaud (FRA)"]
[Black "Heurtebize Christophe (FRA)"]
[Result "1-0"]
[WhiteElo "2145"]
[BlackElo "2105"]

1.Nf3 c5 2.c4 Nf6 3.Nc3 g6 4.g3 Bg7 5.Bg2 O-O 6.O-O d5 7.cxd5 Nxd5 8.d4 cxd4
9.Nxd4 Nxc3 10.bxc3 e5 11.Nb3 Qc7 12.Be3 Nc6 13.Qc1 Rd8 14.Qa3 Bg4 15.Rfe1 b6
16.Qa4 Bd7 17.Qh4 Be6 18.Bg5 Rd7 19.Nd2 f6 20.Ne4 fxg5 21.Nxg5 Bf7 22.Qxh7+
Kf8 23.Bh3 Rd6 24.Bg4 Bd5 25.e4 Bg8 26.Qh3 Qe7 27.f4 Rf6 28.f5 gxf5 29.Bxf5
Bh6 30.Qg4 Bxg5 31.Qxg5 Qg7 32.Qe3 Rd8 33.Rf1 Bc4 34.Rfd1 Qe7 35.Kh1 Rfd6
36.Rxd6 Rxd6 37.Qf3 Ke8 38.Qh5+ Kd8 39.Qh8+ Kc7 40.Qc8# 1-0

[Event "Ch France (team) (nat.2) 2008/09"]
[Site "masterchessopen.com France"]
[Date "2008.12.14"]
[Round "4"]
[White "Soyez Cyril (FRA)"]
[Black "Maitesian Sergei (FRA)"]
[Result "1-0"]
[WhiteElo "2234"]
[BlackElo "2289"]

1.c4 g6 2.g3 Bg7 3.Bg2 Nf6 4.Nc3 O-O 5.Nf3 d5 6.cxd5 Nxd5 7.d4 c5 8.O-O cxd4
9.Nxd4 Nxc3 10.bxc3 a6 11.Ba3 Qc7 12.Qb3 Re8 13.Rab1 Nd7 14.Nc2 Rb8 15.Ne3
Qxc3 16.Nd5 Qxb3 17.Rxb3 Bf8 18.Nc7 Rd8 19.Rd1 b5 20.Rbd3 e6 21.Bb2 Be7 22.Bc6
Rb6 23.Bxd7 Bb7 24.Ne8 Bd5 25.Nf6+ Bxf6 26.Bxf6 Rxd7 27.e4 Rbb7 28.exd5 {#r}
1-0

[Event "Ch Germany (juniors) (under 17)"]
[Site "masterchessopen.com Germany"]
[Round "3"]
[White "Schmidt Jan Peter (GER)"]
[Black "Stephan Axel (GER)"]
[Result "1-0"]
[WhiteElo "2250"]
[BlackElo "2194"]

1.Nf3 Nf6 2.c4 g6 3.Nc3 Bg7 4.g3 O-O 5.Bg2 d5 6.cxd5 Nxd5 7.d4 c5 8.O-O Nxc3
9.bxc3 Nc6 10.Be3 Be6 11.Ne5 Nxe5 12.dxe5 Qc7 13.f4 Rac8 14.Bf2 Bc4 15.Qc2
Rfd8 16.Rfd1 e6 17.Bf3 Bf8 18.g4 b6 19.Bg3 Bg7 20.Bh4 Rxd1+ 21.Rxd1 Bh6 22.e3
Bb5 23.Qe4 c4 24.Kf2 Bf8 25.Bf6 Ba4 26.Rd2 Be8 27.h4 b5 28.h5 b4 29.hxg6 fxg6
30.f5 bxc3 31.Rc2 exf5 32.gxf5 Bg7 33.Bxg7 Qxg7 34.f6 Qf7 35.Qd4 Bd7 36.Rxc3
Be6 37.Ra3 g5 38.Rxa7 Qe8 39.Re7 Qa4 40.Rxe6 Qxa2+ {#r} 1-0

[Event "Ch Greece (team)"]
[Site "masterchessopen.com Greece"]
[Date "2005.07.10"]
[Round "8"]
[White "Haritakis Theodoros (GRE)"]
[Black "Hadzimanolis Antonios (GRE)"]
[Result "1-0"]
[WhiteElo "2293"]
[BlackElo "2333"]

1.Nf3 Nf6 2.c4 c5 3.Nc3 g6 4.g3 Bg7 5.Bg2 O-O 6.O-O d5 7.cxd5 Nxd5 8.d4 Nxc3
9.bxc3 Nc6 10.e3 Qc7 11.Bb2 b6 12.Qe2 Bb7 13.Rac1 Rfd8 14.Rfd1 e6 15.h4 Na5
16.e4 Qc6 17.Ne5 Qa4 18.h5 Bxe5 19.dxe5 Nc4 20.Ba1 Nxe5 21.Rxd8+ Rxd8 22.c4 f6
23.f4 Nd7 24.hxg6 hxg6 25.Rd1 Re8 26.Rd2 Kf7 27.Qg4 Rg8 28.f5 gxf5 29.Qh5+ Kg7
30.exf5 Bxg2 31.fxe6 Qxc4 32.Rxd7+ {#r} 1-0

[Event "Ch Hungary"]
[Site "masterchessopen.com Hungary"]
[Round "0"]
[White "Kallai Gabor (HUN)"]
[Black "Horvath Jozsef M (HUN)"]
[Result "1-0"]
[WhiteElo "2460"]
[BlackElo "2104"]

1.c4 c5 2.g3 g6 3.Bg2 Bg7 4.Nf3 Nf6 5.Nc3 O-O 6.O-O d5 7.cxd5 Nxd5 8.d4 cxd4
9.Nxd5 Qxd5 10.Be3 Qb5 11.a4 Qxb2 12.Rb1 Qa2 13.Nxd4 Rd8 14.Qb3 Qxb3 15.Nxb3
Bf5 16.Bxb7 Bxb1 17.Rxb1 Nd7 18.Na5 Nb6 19.Bxb6 axb6 20.Nc6 e6 21.e3 Bc3
22.Nxd8 Rxd8 23.Rxb6 Rd2 24.Rb3 Rc2 25.Be4 Rc1+ 26.Kg2 Kg7 27.Bb1 f5 28.Rb6 e5
29.Rb7+ Kf6 30.Ba2 Rc2 31.Bb1 Rb2 32.Rxb2 Bxb2 33.a5 Ba3 34.a6 Bc5 35.Ba2 e4
36.Kf1 Ke5 37.Ke2 g5 38.f3 exf3+ 39.Kxf3 h6 40.Bb1 Bb6 41.h3 h5 42.h4 g4+
43.Kf2 Ba7 44.Ke2 Bb6 45.Ba2 Kf6 46.Bd5 Ba7 47.Bc6 Kf7 48.e4 fxe4 49.Bxe4 Kf6
50.Kd3 Bf2 51.Kc4 Ke5 52.Bg6 Kd6 53.Bxh5 Kc6 54.Bxg4 Bxg3 55.h5 {#r} 1-0

[Event "Ch Hungary (juniors) (under 18)"]
[Site "masterchessopen.com Budapest (Hungary)"]
[Date "2010.06.30"]
[Round "5"]
[White "Szabo Richard (HUN)"]
[Black "Haszon David (HUN)"]
[Result "1-0"]
[WhiteElo "2180"]
[BlackElo "2162"]

1.c4 Nf6 2.Nc3 g6 3.Nf3 Bg7 4.g3 d5 5.cxd5 Nxd5 6.Bg2 O-O 7.d4 c5 8.O-O cxd4
9.Nxd4 Nxc3 10.bxc3 Qa5 11.Qb3 Na6 12.Ba3 Qe5 13.Rab1 Rb8 14.e3 Qf6 15.f4 Nc7
16.e4 Re8 17.Qc4 Bg4 18.Qxc7 Qa6 19.Qc5 Rbc8 20.Qb4 Qd3 21.Bb2 Rc4 22.Qb3 Rec8
23.e5 Rxc3 24.Bxc3 Rxc3 25.Qd5 Rc4 26.Rxb7 Rxd4 27.Rb8+ Bf8 28.Qa8 Qe3+ 29.Kh1
Rd1 30.Rxf8+ Kg7 31.Rg8+ Kh6 32.Rxd1 Bxd1 33.Qe4 {#r} 1-0

[Event "Ch Hungary (team) 1996/97 (2 liga)"]
[Site "masterchessopen.com Hungary"]
[Round "3"]
[White "Barczay Laszlo (HUN)"]
[Black "Zdjelar Dusan (SRB)"]
[Result "1-0"]
[WhiteElo "2380"]
[BlackElo "2194"]

1.c4 Nf6 2.g3 g6 3.Bg2 Bg7 4.Nc3 O-O 5.Nf3 c5 6.O-O d5 7.cxd5 Nxd5 8.d4 Nxc3
9.bxc3 Nc6 10.Be3 Be6 11.Rb1 Bxa2 12.Rxb7 Bd5 13.Rb5 cxd4 14.Rxd5 Qxd5 15.Nxd4
Qc4 16.Nxc6 Rae8 17.Bxa7 Qxc3 18.Be3 Kh8 19.Qd7 Qc2 20.Bg5 Bf6 21.Bxf6+ exf6
22.e3 Kg7 23.h4 h5 24.Bf3 Qa4 25.Rd1 Rc8 26.Rd4 Qa1+ 27.Kg2 Qc1 28.Rb4 Ra8
29.Qd1 Qc3 30.Rb3 Qc5 31.Nd4 Ra7 32.Qb1 Rc7 33.Rb5 Qd6 34.Bxh5 Rfc8 35.Bg4 Rc1
36.Bxc8 Rxb1 37.Rxb1 Qd5+ 38.Kg1 f5 39.Bb7 Qd6 40.Bf3 f4 41.gxf4 Qf6 42.h5 g5
43.fxg5 Qxg5+ 44.Kf1 Qc5 45.Rb5 Qc8 46.Rf5 {#r} 1-0

[Event "Ch Hungary (team) 1997/98 (2 liga)"]
[Site "masterchessopen.com Hungary"]
[Round "0"]
[White "Kaman Attila (HUN)"]
[Black "Karsai Istvan (HUN)"]
[Result "0-1"]
[WhiteElo "2143"]
[BlackElo "2149"]

1.d4 Nf6 2.Nf3 g6 3.c4 Bg7 4.Nc3 d5 5.g3 O-O 6.cxd5 Nxd5 7.Bg2 c5 8.O-O Nc6
9.e3 cxd4 10.Nxd4 Nxc3 11.bxc3 Na5 12.Qa4 Bd7 13.Qb4 Rc8 14.Ba3 Re8 15.Rfd1
Rc4 16.Qb2 Qc7 17.Bb4 Ba4 18.Rdc1 Nc6 19.Bd5 Ne5 20.Qa3 b5 21.Rf1 a5 22.Bxa5
Qxa5 23.Bxc4 Nxc4 24.Qc5 e5 25.Nf3 Qa8 26.Nh4 Bf8 27.Qc7 Re7 28.Qc5 Rd7 {#R}
0-1

[Event "Ch Iceland (team) 2002/03"]
[Site "masterchessopen.com Iceland"]
[Round "2"]
[White "Gislason Gudmundur (ISL)"]
[Black "Bjornsson Tomas (ISL)"]
[Result "0-1"]
[WhiteElo "2314"]
[BlackElo "2272"]

1.c4 c5 2.Nc3 Nf6 3.g3 g6 4.Bg2 Bg7 5.Nf3 O-O 6.O-O d5 7.cxd5 Nxd5 8.d4 Nxc3
9.bxc3 Nc6 10.e3 Be6 11.Qe2 Na5 12.Rd1 cxd4 13.cxd4 Rc8 14.Ba3 Nc4 15.Bb4 a5
16.Be1 b5 17.Rac1 Qb6 18.Ng5 Bd7 19.Ne4 Bc6 20.a4 Bxe4 21.Bxe4 Nd6 22.Bc2 b4
23.Bb3 h5 24.f3 Nf5 25.Kg2 Bh6 26.Bd2 Qb7 27.Qd3 Kg7 28.Rxc8 Rxc8 29.Rc1 Rxc1
30.Bxc1 h4 31.Bd2 hxg3 32.hxg3 Nd6 33.g4 f5 34.gxf5 Nxf5 35.e4 Nd6 36.Bxh6+
Kxh6 37.Qe3+ Kg7 38.Qg5 Nf7 39.Qxa5 g5 40.Qf5 {#R} 0-1

[Event "Ch Moscow"]
[Site "masterchessopen.com Moscow (Russia)"]
[Round "0"]
[White "Kholmov Ratmir D (RUS)"]
[Black "Krasnov S (RUS)"]
[Result "1-0"]
[WhiteElo "2432"]
[BlackElo "2322"]

1.c4 Nf6 2.Nf3 g6 3.Nc3 Bg7 4.d4 O-O 5.g3 d5 6.cxd5 Nxd5 7.Bg2 c5 8.O-O cxd4
9.Nxd4 Nxc3 10.bxc3 Qa5 11.Qb3 Nd7 12.Be3 a6 13.Rac1 Rb8 14.Qb4 Qd8 15.Rfd1
Re8 16.c4 Qc7 17.c5 Ne5 18.Bf4 h6 19.h4 Rd8 20.Rb1 Bg4 21.Rd2 Rbc8 22.Bxb7 Rb8
23.Nc6 Rxd2 24.Nxb8 Rxe2 25.Bxe5 Rxe5 26.Nxa6 Qd7 27.c6 Qd3 28.c7 Re2 29.Nc5
Qd4 30.Qxd4 Bxd4 31.Bf3 Rxf2 32.Bxg4 {#r} 1-0

[Event "Ch Moscow"]
[Site "masterchessopen.com Moscow (Russia)"]
[Round "6"]
[White "Pozdniakov Alexander (RUS)"]
[Black "Leontiev Aleksandr V (RUS)"]
[Result "0-1"]
[WhiteElo "2110"]
[BlackElo "2386"]

1.c4 Nf6 2.Nf3 g6 3.g3 Bg7 4.Bg2 O-O 5.O-O d5 6.cxd5 Nxd5 7.Nc3 c5 8.d4 cxd4
9.Nxd4 Nxc3 10.bxc3 Qa5 11.Qd3 Nd7 12.Bd2 Ne5 13.Qc2 Nc4 14.Rfd1 Rb8 15.Qb3
Nxd2 16.Rxd2 Bd7 17.Qb4 Qxb4 18.cxb4 Rfc8 19.e3 Rc7 20.Rb1 Rbc8 21.h3 Rc1+
22.Rxc1 Rxc1+ 23.Kh2 b6 24.Rc2 Rxc2 25.Nxc2 Be6 26.a3 Kf8 27.Kg1 Bb2 28.Nd4
Bc4 29.a4 Ke8 30.Bc6+ Kd8 31.Bb5 Bd5 32.Nc6+ Kc7 33.Nxe7 Be6 34.e4 Kd6 35.Nd5
Bxh3 36.Nf4 Bc8 37.Nd3 Bc3 38.f3 Be6 39.Kf2 h5 40.f4 Bd4+ 41.Ke2 f6 42.Kf3
Bg4+ 43.Kg2 Bc3 44.Kf2 Bd1 45.Ke3 Ke6 46.Nf2 Bc2 47.Be8 Bxb4 48.Bxg6 Bc5+
49.Kf3 Bxa4 50.Bxh5 a5 51.g4 Bc2 52.Nh3 Bd1+ 53.Kg3 a4 54.f5+ Ke7 55.Nf4 Bd6
56.e5 Bxe5 57.g5 Bxh5 {#R} 0-1

[Event "Ch Moscow (open)"]
[Site "masterchessopen.com Moscow (Russia)"]
[Round "8"]
[White "Burlak Sergey (RUS)"]
[Black "Leontiev Aleksandr V (RUS)"]
[Result "1-0"]
[WhiteElo "2168"]
[BlackElo "2365"]

1.d4 Nf6 2.Nf3 g6 3.c4 Bg7 4.g3 O-O 5.Bg2 d5 6.O-O c5 7.cxd5 Nxd5 8.Nc3 cxd4
9.Nxd5 Qxd5 10.Be3 d3 11.Nd4 Qh5 12.Qxd3 Nd7 13.Qb5 Ne5 14.f3 b6 15.Rad1 Bb7
16.h3 Rfd8 17.g4 Qh4 18.Bf2 Qh6 19.Qb3 Bd5 20.Nf5 Bxb3 21.Nxh6+ Bxh6 22.axb3
Rac8 23.h4 Rxd1 24.Rxd1 Rc1 25.Rxc1 Bxc1 26.Bd4 Nc6 27.Bc3 Be3+ 28.Kf1 Nd8
29.h5 Ne6 30.hxg6 fxg6 31.Ke1 a5 32.Kd1 Kf7 33.Kc2 h5 34.gxh5 gxh5 35.Bf1 h4
36.Be1 Bg5 37.Bf2 Nf4 38.e3 Nd5 39.f4 Bf6 40.Bc4 e6 41.Bf1 Ke7 42.Kd3 Kd6
43.Be1 Kc5 44.Bh3 Kd6 45.Ke4 Ne7 46.Kd3 Ng6 47.Bc3 Bd8 48.Kc4 e5 49.Bf5 b5+
50.Kxb5 exf4 51.Bxg6 f3 52.Bf5 Bg5 53.Bd4 Kd5 {#r} 1-0

[Event "Ch Moscow (team)"]
[Site "masterchessopen.com Moscow (Russia)"]
[Date "2010.12.11"]
[Round "3"]
[White "Zhadanov Vasili B (RUS)"]
[Black "Mozharov Mikhail (RUS)"]
[Result "0-1"]
[WhiteElo "2308"]
[BlackElo "2494"]

1.Nf3 Nf6 2.c4 g6 3.Nc3 Bg7 4.g3 O-O 5.Bg2 d5 6.cxd5 Nxd5 7.d4 c5 8.O-O Nc6
9.Qb3 Nxc3 10.bxc3 cxd4 11.Rd1 Be6 12.Qxb7 Bd5 13.Nxd4 Bxg2 14.Kxg2 Na5 15.Qe4
e5 16.Ba3 exd4 17.Bxf8 Qxf8 18.cxd4 Re8 19.Qd3 Nb7 20.e3 Nd6 21.Rac1 Qe7
22.Rc6 h5 23.h4 Qd7 24.Rdc1 Ne4 25.Qc2 Qd5 26.Qc4 Qf5 27.Rc2 Kh7 28.a4 Nxg3
29.fxg3 Rxe3 30.Kh2 Qf3 31.Rg2 Re1 32.Qc2 Qf1 33.Kh3 Qh1+ 34.Rh2 Qf3 35.Rg2
Rh1+ 36.Rh2 Qf1+ 37.Qg2 Qf5+ 38.g4 Qd3+ 39.Qg3 hxg4+ {#R} 0-1

[Event "Ch Ontario (open)"]
[Site "masterchessopen.com Ontario (Canada)"]
[Round "1"]
[White "Schleifer Michael (CAN)"]
[Black "Teodoro Eduardo (CAN)"]
[Result "0-1"]
[WhiteElo "2339"]
[BlackElo "2387"]

1.d4 Nf6 2.c4 c5 3.Nf3 g6 4.Nc3 Bg7 5.g3 O-O 6.Bg2 d5 7.cxd5 Nxd5 8.O-O Nxc3
9.bxc3 Nc6 10.e3 Qa5 11.Bd2 Rd8 12.Qb3 Rb8 13.a4 Bg4 14.Ng5 c4 15.Qb5 a6
16.Qxa5 Nxa5 17.Rfb1 Nb3 18.Ra2 b5 19.axb5 Rxb5 20.f4 Nxd4 21.Rxb5 Nxb5 22.h3
Bd1 23.Be1 Bxc3 24.Bxc3 Nxc3 25.Rxa6 Ne2+ 26.Kf2 c3 27.Rc6 c2 28.Rxc2 Bxc2
29.Kxe2 h6 30.Nf3 Bd1+ 31.Kf2 Bxf3 32.Bxf3 Kg7 33.Be2 Rb8 34.Kf3 Rb4 35.Bd3
Kf6 36.Be2 e5 37.Bd3 Ke6 38.g4 Kd5 39.fxe5 Kxe5 40.Bc2 Rb2 41.Ba4 Rh2 42.Kg3
Rh1 43.Be8 Rf1 44.Bb5 Rf6 45.Bd3 Rd6 46.Bc2 Rc6 47.Bb3 Rf6 48.Bc2 Rc6 49.Bb3
f5 50.gxf5 gxf5 51.Bd1 Rc3 52.Kf2 Ke4 53.Bf3+ Kd3 54.Bh5 Ke4 55.Bf3+ Ke5
56.Bh5 Rb3 57.Bf3 Rb2+ 58.Kg3 Rc2 59.Bd1 Rd2 60.Bf3 Rb2 61.Bc6 Rb3 62.Kf2 h5
63.Bf3 h4 64.Bc6 Rb2+ 65.Kf1 Rd2 66.Bf3 Rd8 67.Kf2 Rg8 68.Bc6 Rg3 69.Bb7 Rxh3
70.Bc6 Rh2+ 71.Kf1 Rc2 72.Bf3 h3 {#R} 0-1

[Event "Ch Paranaense"]
[Site "masterchessopen.com Paranavai (Brazil)"]
[Date "2009.01.28"]
[Round "2"]
[White "Osipi Jair (BRA)"]
[Black "Oliveira Jefferson Dos Santos (BRA)"]
[Result "1-0"]
[WhiteElo "2282"]
[BlackElo "2274"]

1.d4 Nf6 2.Nf3 g6 3.g3 Bg7 4.Bg2 O-O 5.c4 d5 6.cxd5 Nxd5 7.O-O c5 8.Nc3 cxd4
9.Nxd4 Nxc3 10.bxc3 a6 11.Qb3 Qc7 12.Ba3 Re8 13.Rfd1 e5 14.Nc2 Nc6 15.Bd6 Qa5
16.Bd5 Be6 17.Bxe6 fxe6 18.Qxb7 Qxc3 19.Rac1 Na5 20.Qb1 Qc4 21.Ne3 Qa4 22.Rc7
Rac8 23.Rdc1 Rxc7 24.Rxc7 Rd8 25.Qb6 Rd7 26.Qb8+ Kf7 27.Qc8 Rxc7 28.Qxc7+ Kg8
29.Qd8+ {#r} 1-0

[Event "Ch Philippines"]
[Site "masterchessopen.com Tagaytay City (Philippines)"]
[Date "2010.05.26"]
[Round "3"]
[White "Laylo Darwin (PHI)"]
[Black "Pascua Haridas (PHI)"]
[Result "1-0"]
[WhiteElo "2522"]
[BlackElo "2352"]

1.d4 Nf6 2.Nf3 g6 3.c4 Bg7 4.Nc3 O-O 5.g3 d5 6.cxd5 Nxd5 7.Bg2 c5 8.O-O Nc6
9.Nxd5 Qxd5 10.Be3 Qd8 11.d5 Nb4 12.Bxc5 Nxd5 13.e4 Nb6 14.Qe2 Be6 15.Rfd1 Qc7
16.Rac1 Rac8 17.Be3 Bc4 18.Qc2 Qb8 19.b3 Bb5 20.Qd2 Rfd8 21.Rxc8 Rxc8 22.Bf4
e5 23.Bh6 Bc6 24.Bxg7 Kxg7 25.Nh4 Bd7 26.f4 Qc7 27.h3 Qc3 28.Nf3 Qc5+ 29.Kh2
f6 30.fxe5 fxe5 31.a4 Bc6 32.a5 Nd7 33.Qg5 h6 34.Qg4 Rc7 35.Nh4 Nf8 36.Rd6 Be8
37.Nf5+ Kh7 38.Qh4 h5 39.b4 Qc4 40.Qg5 Kg8 41.Ne7+ Kh7 42.Nd5 Kg7 43.Qxe5+
{#r} 1-0

[Event "Ch Philippines"]
[Site "masterchessopen.com Boracay Island (Philippines)"]
[Date "2012.07.15"]
[Round "1"]
[White "Laylo Darwin (PHI)"]
[Black "Pascua Haridas (PHI)"]
[Result "1-0"]
[WhiteElo "2489"]
[BlackElo "2310"]

1.d4 Nf6 2.Nf3 g6 3.c4 Bg7 4.Nc3 O-O 5.g3 d5 6.cxd5 Nxd5 7.Bg2 c5 8.O-O cxd4
9.Nxd4 Nxc3 10.bxc3 Qc7 11.Qb3 a6 12.Ba3 Re8 13.Rfd1 e5 14.Nc2 e4 15.Ne3 Be6
16.Nd5 Bxd5 17.Rxd5 Qxc3 18.Qxc3 Bxc3 19.Rc1 Bf6 20.Bxe4 Nc6 21.Bd3 Re6 22.f4
b5 23.Rd6 Rc8 24.Rxe6 fxe6 25.Be4 Be7 26.Bxe7 Nxe7 27.Rxc8+ Nxc8 28.Bb7 Na7
29.Bxa6 Kf7 30.Kf2 Ke7 31.Ke3 Kd6 32.Bb7 Kc5 33.Be4 Nc8 34.Bc2 Ne7 35.Bb3 Kd6
36.g4 Ng8 37.f5 Nh6 38.Bxe6 Nxg4+ 39.Kf4 Ne5 40.Bg8 h6 41.h4 b4 42.Bb3 {#r}
1-0

[Event "Ch Poland (1/2 final)"]
[Site "masterchessopen.com Gdynia (Poland)"]
[Round "1"]
[White "Maslanka Robert (POL)"]
[Black "Jasnikowski Zbigniew (POL)"]
[Result "0-1"]
[WhiteElo "2300"]
[BlackElo "2375"]

1.Nf3 Nf6 2.c4 g6 3.g3 Bg7 4.Bg2 O-O 5.O-O d5 6.cxd5 Nxd5 7.d4 c5 8.Nc3 Nxc3
9.bxc3 Nc6 10.e3 Qa5 11.Qb3 b6 12.Bd2 Qa6 13.Rfc1 Be6 14.Bf1 Qb7 15.Qa4 Na5
16.Ne1 Rac8 17.Rab1 Qd7 18.Bb5 Qc7 19.Bf1 Bf5 20.Bd3 Bxd3 21.Nxd3 Qd6 22.Be1
c4 23.Nf4 e5 24.dxe5 Qxe5 25.Rd1 Rfd8 26.Rd7 Rxd7 27.Qxd7 Qc7 28.Rd1 Nb7
29.Qxc7 Rxc7 30.Nd5 Rc5 31.Ne7+ Kf8 32.Rd7 Nd6 33.Rxd6 Kxe7 34.Rd1 Re5 35.f4
Rxe3 36.Kf1 Bxc3 37.Bxc3 Rxc3 38.a4 Rc2 39.Rb1 Kd6 40.Rd1+ Kc6 41.Rd4 a6
42.Rd8 b5 {#R} 0-1

[Event "Ch Poland (1/2 final)"]
[Site "masterchessopen.com Poraj (Poland)"]
[Round "6"]
[White "Okrucinski Tadeusz (POL)"]
[Black "Owczarzak Jerzy (POL)"]
[Result "1-0"]
[WhiteElo "2281"]
[BlackElo "2100"]

1.d4 Nf6 2.c4 g6 3.Nf3 d5 4.g3 Bg7 5.cxd5 Nxd5 6.Bg2 O-O 7.O-O c5 8.Nc3 Nxc3
9.bxc3 Nc6 10.d5 Ne5 11.Nxe5 Bxe5 12.Bh6 Re8 13.Qc2 Qa5 14.Rac1 e6 15.c4 exd5
16.cxd5 b6 17.Bd2 Qb5 18.e4 Ba6 19.Bc3 Bxc3 20.Qxc3 Qa4 21.Rfd1 b5 22.h4 h5
23.Qf6 Bc8 24.e5 Bf5 25.e6 fxe6 26.dxe6 Rf8 27.Qe5 Rad8 28.Rxd8 Rxd8 29.e7
Rd1+ 30.Kh2 Bd7 31.e8=Q+ Bxe8 32.Qxe8+ Kg7 33.Rxc5 {#r} 1-0